000 00556nam a2200157 4500
999 _c16939
_d16939
008 220523b ||||| |||| 00| 0 eng d
022 _a0117-3308
082 _aDPer 004.1105 C73 Sept 2010 - April 2011 v. 20 n. 3-9
100 _aWashburn, Doug.
_945181
245 _aWays to cut data center energy costs/
_cDoug Washburn.
260 _aPhilippines:
_bSchneider Electric,
_c©2010-2011.
300 _av20 n6, pages 45-46:
_bcolor illustrations;
_c27 cm.
500 _aComputer world.
650 _aComputer networks
_xData center.
_945182
942 _2ddc
_cPER